Geography Quiz

Random Geography or State Quiz

US States ending in 2 vowels (including 'Y') Quiz Stats

 Plays Quiz not verified by Sporcle

Support Sporcle.
Go Orange.
Score 0/9 Timer 01:00
0 Plays Today
State % Correct
California
94.2%
Hawaii
88.3%
Georgia
83.5%
Ohio
79.6%
Virginia
78.6%
West Virginia
73.8%
Pennsylvania
71.8%
Tennessee
70.9%
New Jersey
64.1%

You're not logged in!

Compare scores with friends on all Sporcle quizzes.
OR
Log In

From the Vault

Almost Premier League

by adamravenscroft

Missed it by that much.
Remove Ads.
Support Sporcle.
Get the best of Sporcle when you Go Orange. This ad-free experience offers more features, more stats, and more fun while also helping to support Sporcle. Thank you for becoming a member.

Show Comments

Extras

Created Apr 16, 2018SourceReportNominate
Tags:State Quiz, end, Ending, Vowel

Top Quizzes Today


Score Distribution

Your Account Isn't Verified!

In order to create a playlist on Sporcle, you need to verify the email address you used during registration. Go to your Sporcle Settings to finish the process.

Report this User

Report this user for behavior that violates our Community Guidelines.

Details: